[Event "European Women's Championship"]
[Site "Vysoke Tatry"]
[Date "2018.04.13"]
[Round "6"]
[White "Sargsyan, Anna M."]
[Black "Mkrtchian, Lilit"]
[Result "0-1"]
[Board "35"]
[WhiteElo "2276"]
[WhiteTitle "WFM"]
[WhiteCountry "ARM"]
[WhiteFideId "13308130"]
[WhiteEloChange "-6"]
[BlackElo "2403"]
[BlackTitle "IM"]
[BlackCountry "ARM"]
[BlackFideId "13300601"]
[BlackEloChange "3"]

1. d4 {[%clk 1:30:56]} Nf6 {[%clk 1:30:43]} 2. Nf3 {[%clk 1:31:20]} e6 {[%clk
1:30:48]} 3. e3 {[%clk 1:31:42]} b6 {[%clk 1:30:26]} 4. Bd3 {[%clk 1:32:06]} Bb7
{[%clk 1:30:22]} 5. O-O {[%clk 1:32:28]} d5 {[%clk 1:30:39]} 6. b3 {[%clk
1:32:48]} Bd6 {[%clk 1:30:52]} 7. Bb2 {[%clk 1:32:58]} O-O {[%clk 1:30:57]} 8. c4
{[%clk 1:33:21]} Nbd7 {[%clk 1:31:20]} 9. Nc3 {[%clk 1:33:41]} dxc4 {[%clk
1:28:23]} 10. bxc4 {[%clk 1:33:58]} e5 {[%clk 1:28:44]} 11. Bc2 {[%clk 1:25:36]}
Re8 {[%clk 1:20:40]} 12. Nb5 {[%clk 1:21:43]} e4 {[%clk 1:17:09]} 13. Nxd6 {[%clk
1:21:57]} cxd6 {[%clk 1:17:34]} 14. Nd2 {[%clk 1:22:03]} d5 {[%clk 1:13:42]} 15.
f3 {[%clk 1:08:26]} dxc4 {[%clk 1:04:57]} 16. fxe4 {[%clk 1:06:24]} Nxe4 {[%clk
1:04:38]} 17. Nxc4 {[%clk 0:55:25]} Qg5 {[%clk 0:57:32]} 18. Rf4 {[%clk 0:37:40]}
b5 {[%clk 0:37:29]} 19. Na5 {[%clk 0:26:57]} Bd5 {[%clk 0:37:07]} 20. Qf1 {[%clk
0:24:58]} Ndf6 {[%clk 0:32:17]} 21. Re1 {[%clk 0:19:44]} Nd2 {[%clk 0:19:16]} 22.
Qf2 {[%clk 0:17:47]} Nfe4 {[%clk 0:19:23]} 23. Qe2 {[%clk 0:15:19]} Rac8 {[%clk
0:16:19]} 24. Bd3 {[%clk 0:11:27]} Nc4 {[%clk 0:15:42]} 25. Nxc4 {[%clk 0:11:42]}
bxc4 {[%clk 0:14:00]} 26. Bxe4 {[%clk 0:11:58]} Bxe4 {[%clk 0:13:42]} 27. Bc3
{[%clk 0:11:33]} Qd5 {[%clk 0:08:55]} 28. Qd2 {[%clk 0:10:49]} Rc6 {[%clk
0:09:13]} 29. Rf2 {[%clk 0:10:05]} Rh6 {[%clk 0:07:47]} 30. Qb2 {[%clk 0:07:20]}
Qh5 {[%clk 0:06:31]} 31. g3 {[%clk 0:07:15]} Rg6 {[%clk 0:06:26]} 32. Kf1 {[%clk
0:06:50]} Bf3 {[%clk 0:05:41]} 33. Rb1 {[%clk 0:05:24]} Rxg3 {[%clk 0:01:22]} 34.
Qb5 {[%clk 0:05:18]} Bg2+ {[%clk 0:00:40]} 35. Kg1 {[%clk 0:04:42]} Bc6+ {[%clk
0:01:04]} 0-1

[Event "European Women's Championship"]
[Site "Vysoke Tatry"]
[Date "2018.04.13"]
[Round "6"]
[White "Milliet, Sophie"]
[Black "Kantane, Anna"]
[Result "1-0"]
[Board "36"]
[WhiteElo "2391"]
[WhiteTitle "IM"]
[WhiteCountry "FRA"]
[WhiteFideId "623725"]
[WhiteEloChange "7"]
[BlackElo "2266"]
[BlackTitle "WIM"]
[BlackCountry "POL"]
[BlackFideId "1135988"]
[BlackEloChange "-7"]

1. e4 {[%clk 1:30:57]} e5 {[%clk 1:30:51]} 2. Nf3 {[%clk 1:31:23]} Nc6 {[%clk
1:31:14]} 3. Bb5 {[%clk 1:31:44]} a6 {[%clk 1:31:33]} 4. Ba4 {[%clk 1:32:10]} Nf6
{[%clk 1:31:39]} 5. O-O {[%clk 1:32:35]} Be7 {[%clk 1:31:43]} 6. Re1 {[%clk
1:33:00]} b5 {[%clk 1:31:41]} 7. Bb3 {[%clk 1:33:27]} d6 {[%clk 1:32:00]} 8. c3
{[%clk 1:33:53]} O-O {[%clk 1:32:22]} 9. h3 {[%clk 1:34:20]} Bb7 {[%clk 1:32:19]}
10. d4 {[%clk 1:34:38]} Nd7 {[%clk 1:31:57]} 11. a4 {[%clk 1:30:07]} Na5 {[%clk
1:32:05]} 12. Bc2 {[%clk 1:28:43]} c5 {[%clk 1:32:25]} 13. d5 {[%clk 1:28:30]}
Qc7 {[%clk 1:32:36]} 14. b4 {[%clk 1:21:00]} Nc4 {[%clk 1:16:48]} 15. a5 {[%clk
1:19:07]} Rac8 {[%clk 1:11:35]} 16. Ra2 {[%clk 1:17:46]} f5 {[%clk 0:57:32]} 17.
exf5 {[%clk 1:00:08]} Nf6 {[%clk 0:57:36]} 18. Bg5 {[%clk 0:54:19]} Nxd5 {[%clk
0:53:13]} 19. Be4 {[%clk 0:54:07]} Nde3 {[%clk 0:48:08]} 20. fxe3 {[%clk
0:21:41]} Bxe4 {[%clk 0:47:08]} 21. Bxe7 {[%clk 0:20:56]} Qxe7 {[%clk 0:47:24]}
22. Nfd2 {[%clk 0:16:21]} Nxd2 {[%clk 0:33:38]} 23. Rxd2 {[%clk 0:16:34]} Rxf5
{[%clk 0:19:28]} 24. Rxd6 {[%clk 0:15:37]} Rg5 {[%clk 0:17:47]} 25. Rd2 {[%clk
0:15:40]} Rg3 {[%clk 0:13:15]} 26. bxc5 {[%clk 0:13:07]} Qg5 {[%clk 0:08:18]} 27.
Ree2 {[%clk 0:13:32]} Rxh3 {[%clk 0:07:35]} 28. Qb3+ {[%clk 0:13:53]} Kh8 {[%clk
0:06:39]} 29. Qe6 {[%clk 0:14:11]} Bf5 {[%clk 0:06:13]} 30. Qxe5 {[%clk 0:14:33]}
Rh5 {[%clk 0:02:25]} 31. e4 {[%clk 0:06:05]} Bg4 {[%clk 0:02:24]} 32. Qxg5 {[%clk
0:06:31]} Rxg5 {[%clk 0:02:50]} 33. Re1 {[%clk 0:04:46]} Rgxc5 {[%clk 0:03:04]}
34. Rd6 {[%clk 0:05:02]} R5c6 {[%clk 0:01:31]} 35. Rxc6 {[%clk 0:05:07]} Rxc6
{[%clk 0:01:59]} 36. Kf2 {[%clk 0:05:28]} g5 {[%clk 0:01:32]} 37. Ke3 {[%clk
0:05:37]} Kg7 {[%clk 0:01:34]} 38. Kd4 {[%clk 0:02:16]} Kf7 {[%clk 0:01:20]} 39.
Na3 {[%clk 0:01:41]} h5 {[%clk 0:00:44]} 40. c4 {[%clk 0:30:57]} bxc4 {[%clk
0:30:38]} 41. Nxc4 {[%clk 0:31:25]} Ke7 {[%clk 0:23:17]} 42. Rb1 {[%clk 0:21:48]}
Be2 {[%clk 0:21:31]} 43. Rb7+ {[%clk 0:19:06]} Kf8 {[%clk 0:20:37]} 44. Ne3
{[%clk 0:18:16]} h4 {[%clk 0:19:22]} 45. Kd5 {[%clk 0:09:58]} Rg6 {[%clk
0:14:23]} 46. e5 {[%clk 0:07:48]} g4 {[%clk 0:10:56]} 47. e6 {[%clk 0:01:23]} Bd3
{[%clk 0:03:26]} 48. Ke5 {[%clk 0:01:43]} h3 {[%clk 0:03:11]} 49. Rb8+ {[%clk
0:01:58]} Kg7 {[%clk 0:03:35]} 50. e7 {[%clk 0:01:52]} Bb5 {[%clk 0:02:12]} 51.
Nf5+ {[%clk 0:01:56]} Kf7 {[%clk 0:01:26]} 52. Rf8# {[%clk 0:02:21]} 1-0

[Event "European Women's Championship"]
[Site "Vysoke Tatry"]
[Date "2018.04.13"]
[Round "6"]
[White "Mamedjarova, Turkan"]
[Black "Cosma, Elena-Luminita"]
[Result "1/2-1/2"]
[Board "37"]
[WhiteElo "2274"]
[WhiteTitle "WGM"]
[WhiteCountry "AZE"]
[WhiteFideId "13402005"]
[WhiteEloChange "2"]
[BlackElo "2340"]
[BlackTitle "WGM"]
[BlackCountry "ROU"]
[BlackFideId "1201590"]
[BlackEloChange "-2"]

1. d4 {[%clk 1:30:47]} d5 {[%clk 1:30:54]} 2. Nf3 {[%clk 1:31:02]} Nf6 {[%clk
1:31:11]} 3. c4 {[%clk 1:31:23]} e6 {[%clk 1:31:35]} 4. Nc3 {[%clk 1:31:42]} c5
{[%clk 1:31:58]} 5. e3 {[%clk 1:29:16]} a6 {[%clk 1:32:15]} 6. cxd5 {[%clk
1:25:34]} exd5 {[%clk 1:32:37]} 7. Be2 {[%clk 1:21:47]} Nc6 {[%clk 1:33:00]} 8.
O-O {[%clk 1:20:39]} Bd6 {[%clk 1:33:23]} 9. dxc5 {[%clk 1:19:08]} Bxc5 {[%clk
1:33:47]} 10. b3 {[%clk 1:19:03]} O-O {[%clk 1:33:36]} 11. Bb2 {[%clk 1:19:26]}
Ba7 {[%clk 1:33:23]} 12. Rc1 {[%clk 1:17:08]} Re8 {[%clk 1:31:56]} 13. Na4 {[%clk
1:15:16]} Ne4 {[%clk 1:30:27]} 14. Nd4 {[%clk 1:12:58]} Bd7 {[%clk 1:19:48]} 15.
Bg4 {[%clk 0:58:28]} 1/2-1/2

[Event "European Women's Championship"]
[Site "Vysoke Tatry"]
[Date "2018.04.13"]
[Round "6"]
[White "Paramzina, Anastasya"]
[Black "Cibickova, Zuzana"]
[Result "0-1"]
[Board "38"]
[WhiteElo "2271"]
[WhiteTitle "WGM"]
[WhiteCountry "RUS"]
[WhiteFideId "4165012"]
[WhiteEloChange "-8"]
[BlackElo "2327"]
[BlackTitle "WGM"]
[BlackCountry "SVK"]
[BlackFideId "14905779"]
[BlackEloChange "8"]

1. e4 {[%clk 1:30:59]} e5 {[%clk 1:30:54]} 2. Nf3 {[%clk 1:31:25]} Nc6 {[%clk
1:31:19]} 3. Bc4 {[%clk 1:31:49]} Nf6 {[%clk 1:31:32]} 4. d3 {[%clk 1:32:15]} Be7
{[%clk 1:31:56]} 5. O-O {[%clk 1:32:06]} O-O {[%clk 1:32:02]} 6. Re1 {[%clk
1:32:32]} d6 {[%clk 1:32:27]} 7. a4 {[%clk 1:32:53]} Na5 {[%clk 1:32:46]} 8. Ba2
{[%clk 1:33:17]} c5 {[%clk 1:33:13]} 9. c3 {[%clk 1:33:40]} Nc6 {[%clk 1:30:06]}
10. Na3 {[%clk 1:30:05]} a6 {[%clk 1:28:11]} 11. Bd2 {[%clk 1:29:24]} Rb8 {[%clk
1:28:25]} 12. Nc2 {[%clk 1:17:36]} h6 {[%clk 1:26:05]} 13. Ne3 {[%clk 1:05:36]}
Re8 {[%clk 0:54:59]} 14. g3 {[%clk 0:45:39]} Bf8 {[%clk 0:53:54]} 15. Nh4 {[%clk
0:45:35]} Be6 {[%clk 0:52:43]} 16. Nd5 {[%clk 0:44:14]} g6 {[%clk 0:44:33]} 17.
Qf3 {[%clk 0:42:13]} Nh7 {[%clk 0:44:17]} 18. Ng2 {[%clk 0:39:01]} Bg7 {[%clk
0:43:27]} 19. h4 {[%clk 0:37:30]} h5 {[%clk 0:42:10]} 20. Nge3 {[%clk 0:33:03]}
Nf6 {[%clk 0:39:53]} 21. Nxf6+ {[%clk 0:32:07]} Qxf6 {[%clk 0:39:35]} 22. Qxf6
{[%clk 0:26:10]} Bxf6 {[%clk 0:40:04]} 23. Nd5 {[%clk 0:25:48]} Bd8 {[%clk
0:37:27]} 24. Bg5 {[%clk 0:14:13]} Kg7 {[%clk 0:37:09]} 25. Bxd8 {[%clk 0:14:38]}
Rexd8 {[%clk 0:35:39]} 26. f3 {[%clk 0:13:18]} Kf8 {[%clk 0:17:57]} 27. Kf2
{[%clk 0:12:52]} Ne7 {[%clk 0:17:01]} 28. Ke3 {[%clk 0:12:07]} Nxd5+ {[%clk
0:16:06]} 29. Bxd5 {[%clk 0:11:16]} Bxd5 {[%clk 0:16:35]} 30. exd5 {[%clk
0:11:40]} Rdc8 {[%clk 0:13:13]} 31. f4 {[%clk 0:06:56]} Re8 {[%clk 0:11:44]} 32.
f5 {[%clk 0:03:20]} gxf5 {[%clk 0:11:34]} 33. Rf1 {[%clk 0:03:27]} f4+ {[%clk
0:12:00]} 34. Ke4 {[%clk 0:02:28]} f6 {[%clk 0:06:51]} 35. Kf5 {[%clk 0:02:20]}
Kf7 {[%clk 0:07:03]} 36. Rg1 {[%clk 0:01:18]} f3 {[%clk 0:04:12]} 37. g4 {[%clk
0:01:10]} f2 {[%clk 0:03:49]} 38. Rg2 {[%clk 0:01:22]} hxg4 {[%clk 0:04:02]} 39.
Rxf2 {[%clk 0:01:01]} g3 {[%clk 0:04:17]} 40. Rg2 {[%clk 0:30:43]} Rh8 {[%clk
0:33:25]} 41. Kg4 {[%clk 0:25:47]} f5+ {[%clk 0:27:14]} 42. Kxf5 {[%clk 0:22:56]}
Rxh4 {[%clk 0:27:02]} 43. Rf1 {[%clk 0:18:14]} Rg8 {[%clk 0:27:16]} 44. Rf3
{[%clk 0:17:34]} Rhg4 {[%clk 0:27:41]} 0-1

[Event "European Women's Championship"]
[Site "Vysoke Tatry"]
[Date "2018.04.13"]
[Round "6"]
[White "Mikadze, Miranda"]
[Black "Theissl Pokorna, Regina"]
[Result "0-1"]
[Board "39"]
[WhiteElo "2216"]
[WhiteTitle "WGM"]
[WhiteCountry "GEO"]
[WhiteFideId "13603108"]
[WhiteEloChange "-7"]
[BlackElo "2320"]
[BlackTitle "WGM"]
[BlackCountry "AUT"]
[BlackFideId "14902052"]
[BlackEloChange "7"]

1. d4 {[%clk 1:30:56]} Nf6 {[%clk 1:30:51]} 2. Nf3 {[%clk 1:31:24]} g6 {[%clk
1:30:53]} 3. Bf4 {[%clk 1:30:03]} Bg7 {[%clk 1:31:17]} 4. e3 {[%clk 1:30:25]} d6
{[%clk 1:31:33]} 5. Be2 {[%clk 1:30:47]} O-O {[%clk 1:31:46]} 6. h3 {[%clk
1:31:10]} b6 {[%clk 1:31:38]} 7. O-O {[%clk 1:31:34]} Bb7 {[%clk 1:32:06]} 8. a4
{[%clk 1:32:01]} a5 {[%clk 1:29:38]} 9. Na3 {[%clk 1:31:03]} Nbd7 {[%clk
1:26:39]} 10. Bh2 {[%clk 1:30:22]} Re8 {[%clk 1:26:23]} 11. c3 {[%clk 1:30:44]}
e5 {[%clk 1:20:26]} 12. Nb5 {[%clk 1:30:48]} Ne4 {[%clk 1:11:20]} 13. Qc2 {[%clk
1:27:31]} Nf8 {[%clk 1:10:59]} 14. Rfd1 {[%clk 1:24:48]} Qe7 {[%clk 1:10:09]} 15.
Qb3 {[%clk 1:09:02]} h5 {[%clk 1:01:28]} 16. Qc2 {[%clk 0:52:39]} Nh7 {[%clk
0:58:14]} 17. Bf1 {[%clk 0:37:19]} Nhg5 {[%clk 0:54:22]} 18. Ne1 {[%clk 0:25:15]}
Bh6 {[%clk 0:45:37]} 19. Rd3 {[%clk 0:21:39]} Bc8 {[%clk 0:38:30]} 20. dxe5
{[%clk 0:11:55]} dxe5 {[%clk 0:38:54]} 21. h4 {[%clk 0:11:46]} Ne6 {[%clk
0:37:10]} 22. Rd5 {[%clk 0:10:15]} Nf6 {[%clk 0:31:55]} 23. Rdd1 {[%clk 0:06:49]}
Ng4 {[%clk 0:30:06]} 24. Bg3 {[%clk 0:04:10]} Nc5 {[%clk 0:27:00]} 25. Nf3 {[%clk
0:03:23]} Bf5 {[%clk 0:27:09]} 26. Qe2 {[%clk 0:03:50]} Ne4 {[%clk 0:27:19]} 27.
Bh2 {[%clk 0:03:18]} Nexf2 {[%clk 0:27:09]} 28. Ng5 {[%clk 0:03:12]} Nxd1 {[%clk
0:27:15]} 29. Rxd1 {[%clk 0:03:39]} Nxh2 {[%clk 0:27:06]} 30. Kxh2 {[%clk
0:04:06]} Bxg5 {[%clk 0:27:22]} 31. hxg5 {[%clk 0:04:33]} Bg4 {[%clk 0:27:36]}
0-1

[Event "European Women's Championship"]
[Site "Vysoke Tatry"]
[Date "2018.04.13"]
[Round "6"]
[White "Ghukasyan, Siranush"]
[Black "Babiy, Olga"]
[Result "0-1"]
[Board "40"]
[WhiteElo "2195"]
[WhiteTitle "WIM"]
[WhiteCountry "ARM"]
[WhiteFideId "13300946"]
[WhiteEloChange "-7"]
[BlackElo "2318"]
[BlackTitle "WGM"]
[BlackCountry "UKR"]
[BlackFideId "14117258"]
[BlackEloChange "7"]

1. e4 {[%clk 1:29:56]} c5 {[%clk 1:30:55]} 2. Nf3 {[%clk 1:30:17]} e6 {[%clk
1:31:19]} 3. d4 {[%clk 1:30:44]} cxd4 {[%clk 1:31:45]} 4. Nxd4 {[%clk 1:31:08]}
Nc6 {[%clk 1:32:11]} 5. Nc3 {[%clk 1:31:35]} Qc7 {[%clk 1:32:36]} 6. g3 {[%clk
1:31:51]} a6 {[%clk 1:32:35]} 7. Bg2 {[%clk 1:32:16]} h5 {[%clk 1:32:10]} 8. O-O
{[%clk 1:32:30]} Nf6 {[%clk 1:32:03]} 9. Re1 {[%clk 1:31:09]} Nxd4 {[%clk
1:32:09]} 10. Qxd4 {[%clk 1:31:20]} Bc5 {[%clk 1:32:33]} 11. Bf4 {[%clk 1:16:07]}
d6 {[%clk 1:32:56]} 12. Qd2 {[%clk 1:15:09]} Ng4 {[%clk 1:32:48]} 13. Re2 {[%clk
1:11:36]} Ne5 {[%clk 1:28:31]} 14. Na4 {[%clk 1:07:42]} Ba7 {[%clk 1:21:00]} 15.
Rd1 {[%clk 1:00:56]} b5 {[%clk 0:58:46]} 16. Nc3 {[%clk 0:53:41]} Bb7 {[%clk
0:51:21]} 17. Bxe5 {[%clk 0:49:55]} dxe5 {[%clk 0:51:46]} 18. Qg5 {[%clk
0:50:15]} f6 {[%clk 0:51:07]} 19. Qd2 {[%clk 0:44:16]} Bd4 {[%clk 0:47:31]} 20.
Qe1 {[%clk 0:40:54]} Rd8 {[%clk 0:42:52]} 21. Red2 {[%clk 0:39:10]} O-O {[%clk
0:34:24]} 22. Rd3 {[%clk 0:32:06]} Bc6 {[%clk 0:28:43]} 23. Ne2 {[%clk 0:29:19]}
Bb6 {[%clk 0:26:05]} 24. Nc1 {[%clk 0:25:52]} Rxd3 {[%clk 0:22:47]} 25. Rxd3
{[%clk 0:25:43]} f5 {[%clk 0:19:17]} 26. Rd2 {[%clk 0:23:46]} f4 {[%clk 0:18:56]}
27. Qd1 {[%clk 0:17:39]} g6 {[%clk 0:19:06]} 28. Nd3 {[%clk 0:17:23]} fxg3 {[%clk
0:16:35]} 29. hxg3 {[%clk 0:17:44]} a5 {[%clk 0:17:01]} 30. a3 {[%clk 0:13:53]}
Qg7 {[%clk 0:15:39]} 31. b4 {[%clk 0:08:32]} Bd4 {[%clk 0:15:34]} 32. c3 {[%clk
0:07:23]} Bb6 {[%clk 0:15:57]} 33. bxa5 {[%clk 0:06:31]} Bxa5 {[%clk 0:14:27]}
34. Nb4 {[%clk 0:06:36]} Qb7 {[%clk 0:12:10]} 35. Qb3 {[%clk 0:05:43]} Bd7 {[%clk
0:06:59]} 36. Qd1 {[%clk 0:04:01]} Bc8 {[%clk 0:06:01]} 37. a4 {[%clk 0:02:21]}
Qc7 {[%clk 0:05:11]} 38. Rd3 {[%clk 0:01:27]} Bb6 {[%clk 0:04:18]} 39. Bf3 {[%clk
0:00:35]} Qc5 {[%clk 0:04:00]} 40. Re3 {[%clk 0:30:33]} Rd8 {[%clk 0:31:58]} 41.
Qc2 {[%clk 0:28:30]} Qf8 {[%clk 0:20:10]} 42. Rd3 {[%clk 0:27:44]} Rxd3 {[%clk
0:20:09]} 43. Qxd3 {[%clk 0:28:04]} bxa4 {[%clk 0:20:27]} 44. Qb5 {[%clk
0:19:56]} Bc5 {[%clk 0:19:57]} 45. Nd3 {[%clk 0:19:07]} Bd6 {[%clk 0:19:45]} 46.
Bd1 {[%clk 0:16:29]} a3 {[%clk 0:20:04]} 47. c4 {[%clk 0:11:35]} Qd8 {[%clk
0:11:34]} 48. c5 {[%clk 0:08:38]} Bf8 {[%clk 0:11:48]} 49. Bb3 {[%clk 0:07:39]}
Qd4 {[%clk 0:04:51]} 50. c6 {[%clk 0:02:40]} Qxe4 {[%clk 0:04:21]} 51. Ba2 {[%clk
0:02:55]} h4 {[%clk 0:03:27]} 52. gxh4 {[%clk 0:03:14]} Bd6 {[%clk 0:03:12]} 53.
Nc5 {[%clk 0:01:39]} Qg4+ {[%clk 0:02:00]} 54. Kf1 {[%clk 0:01:42]} Qd1+ {[%clk
0:02:29]} 55. Kg2 {[%clk 0:02:12]} Qg4+ {[%clk 0:02:51]} 56. Kf1 {[%clk 0:02:29]}
Kf7 {[%clk 0:03:00]} 57. Nb7 {[%clk 0:02:08]} Bc7 {[%clk 0:02:05]} 58. Qb3 {[%clk
0:01:07]} Qxh4 {[%clk 0:01:46]} 59. Qf3+ {[%clk 0:01:14]} Ke8 {[%clk 0:01:52]}
60. Qg2 {[%clk 0:00:48]} Qh5 {[%clk 0:01:54]} 61. Qe4 {[%clk 0:00:52]} Qf5 {[%clk
0:01:10]} 62. Qb4 {[%clk 0:00:34]} Qd3+ {[%clk 0:01:12]} 63. Kg2 {[%clk 0:00:44]}
e4 {[%clk 0:01:01]} 64. Nc5 {[%clk 0:00:37]} Qf3+ {[%clk 0:01:23]} 65. Kg1 {[%clk
0:01:06]} Qd1+ {[%clk 0:01:25]} 66. Kg2 {[%clk 0:01:34]} Qf3+ {[%clk 0:01:48]}
67. Kg1 {[%clk 0:02:04]} e3 {[%clk 0:00:54]} 68. fxe3 {[%clk 0:01:11]} Qxe3+
{[%clk 0:01:53]} 69. Kg2 {[%clk 0:02:10]} Bd6 {[%clk 0:01:24]} 70. Qg4 {[%clk
0:00:53]} Qd2+ {[%clk 0:01:33]} 71. Kf1 {[%clk 0:01:15]} Qc1+ {[%clk 0:01:36]}
72. Kg2 {[%clk 0:01:25]} Qc2+ {[%clk 0:01:47]} 73. Kf1 {[%clk 0:01:49]} Bxc5
{[%clk 0:02:01]} 0-1

[Event "European Women's Championship"]
[Site "Vysoke Tatry"]
[Date "2018.04.13"]
[Round "6"]
[White "Belenkaya, Dina"]
[Black "Nemcova, Karin"]
[Result "1-0"]
[Board "41"]
[WhiteElo "2308"]
[WhiteTitle "WGM"]
[WhiteCountry "RUS"]
[WhiteFideId "24142654"]
[WhiteEloChange "3"]
[BlackElo "1992"]
[BlackCountry "CZE"]
[BlackFideId "360821"]
[BlackEloChange "-3"]

1. e4 {[%clk 1:30:59]} d5 {[%clk 1:30:51]} 2. exd5 {[%clk 1:31:25]} Qxd5 {[%clk
1:31:12]} 3. Nf3 {[%clk 1:31:49]} Bg4 {[%clk 1:30:53]} 4. Be2 {[%clk 1:32:16]}
Nc6 {[%clk 1:30:48]} 5. O-O {[%clk 1:32:14]} O-O-O {[%clk 1:30:51]} 6. h3 {[%clk
1:31:40]} Bh5 {[%clk 1:30:56]} 7. Nc3 {[%clk 1:31:51]} Qd7 {[%clk 1:31:13]} 8. b4
{[%clk 1:32:10]} e5 {[%clk 1:29:35]} 9. Nxe5 {[%clk 1:29:27]} Nxe5 {[%clk
1:22:49]} 10. Bxh5 {[%clk 1:29:02]} Bxb4 {[%clk 1:21:15]} 11. Qe2 {[%clk
1:19:17]} Re8 {[%clk 1:18:24]} 12. Rb1 {[%clk 1:17:02]} Bxc3 {[%clk 1:14:18]} 13.
dxc3 {[%clk 1:17:11]} Nf6 {[%clk 1:14:23]} 14. Be3 {[%clk 1:12:47]} Qc6 {[%clk
1:05:18]} 15. Qd1 {[%clk 1:06:15]} Nxh5 {[%clk 0:58:09]} 16. Qxh5 {[%clk
1:06:41]} Kb8 {[%clk 0:51:04]} 17. Bd4 {[%clk 1:03:51]} f6 {[%clk 0:50:49]} 18.
Rb4 {[%clk 1:01:52]} Ng6 {[%clk 0:42:30]} 19. a4 {[%clk 0:52:44]} Re4 {[%clk
0:29:36]} 20. Rfb1 {[%clk 0:46:56]} b6 {[%clk 0:23:45]} 21. a5 {[%clk 0:37:17]}
Nf4 {[%clk 0:23:30]} 22. Qf3 {[%clk 0:37:19]} Ne2+ {[%clk 0:22:57]} 23. Kh2
{[%clk 0:34:31]} Nxd4 {[%clk 0:22:10]} 24. cxd4 {[%clk 0:33:51]} Rhe8 {[%clk
0:19:48]} 25. Qg3 {[%clk 0:22:47]} Kb7 {[%clk 0:19:09]} 26. axb6 {[%clk 0:16:59]}
axb6 {[%clk 0:19:32]} 27. Qxg7 {[%clk 0:16:50]} Qd6+ {[%clk 0:19:22]} 28. Qg3
{[%clk 0:12:13]} Rxd4 {[%clk 0:19:44]} 29. Rxd4 {[%clk 0:11:31]} Qxd4 {[%clk
0:20:13]} 30. Qf3+ {[%clk 0:10:15]} Qe4 {[%clk 0:19:51]} 31. Qxf6 {[%clk
0:09:21]} Qxc2 {[%clk 0:20:02]} 32. Ra1 {[%clk 0:08:00]} Qe4 {[%clk 0:20:16]} 33.
g3 {[%clk 0:05:11]} Ra8 {[%clk 0:19:15]} 34. Rc1 {[%clk 0:04:56]} Re8 {[%clk
0:16:45]} 35. Ra1 {[%clk 0:04:11]} Ra8 {[%clk 0:16:35]} 36. Rc1 {[%clk 0:04:35]}
Re8 {[%clk 0:17:00]} 37. Rc3 {[%clk 0:04:50]} Re6 {[%clk 0:15:12]} 38. Qf8 {[%clk
0:04:00]} Re8 {[%clk 0:14:45]} 39. Qf6 {[%clk 0:04:14]} Qd5 {[%clk 0:13:41]} 40.
Qf4 {[%clk 0:32:19]} Re7 {[%clk 0:44:07]} 41. Rc2 {[%clk 0:23:50]} b5 {[%clk
0:33:43]} 42. Qb4 {[%clk 0:21:53]} Rf7 {[%clk 0:30:40]} 43. Qa5 {[%clk 0:20:39]}
Kc8 {[%clk 0:28:09]} 44. Qa6+ {[%clk 0:16:09]} Kb8 {[%clk 0:24:12]} 45. Rd2
{[%clk 0:11:06]} Qxd2 {[%clk 0:18:52]} 46. Qxb5+ {[%clk 0:11:35]} Ka7 {[%clk
0:18:55]} 47. Qa4+ {[%clk 0:11:54]} Kb6 {[%clk 0:19:07]} 48. Qb3+ {[%clk
0:12:20]} Ka5 {[%clk 0:19:09]} 49. Qxf7 {[%clk 0:12:46]} c5 {[%clk 0:19:25]} 50.
Kg2 {[%clk 0:11:14]} Qc2 {[%clk 0:19:39]} 51. g4 {[%clk 0:10:19]} c4 {[%clk
0:19:58]} 52. Qf5+ {[%clk 0:08:06]} Qxf5 {[%clk 0:20:21]} 53. gxf5 {[%clk
0:08:35]} c3 {[%clk 0:20:44]} 54. f6 {[%clk 0:08:59]} c2 {[%clk 0:21:10]} 55. f7
{[%clk 0:09:23]} c1Q {[%clk 0:21:34]} 56. f8Q {[%clk 0:09:48]} Qg5+ {[%clk
0:20:34]} 57. Kh2 {[%clk 0:08:22]} Qe5+ {[%clk 0:19:45]} 58. f4 {[%clk 0:05:13]}
Qe3 {[%clk 0:19:17]} 59. Kg2 {[%clk 0:04:22]} Kb5 {[%clk 0:16:58]} 60. Qb8+
{[%clk 0:01:43]} Kc4 {[%clk 0:14:50]} 61. Qc7+ {[%clk 0:01:45]} Kd5 {[%clk
0:14:56]} 62. Qd7+ {[%clk 0:01:19]} Kc4 {[%clk 0:14:12]} 63. Qc6+ {[%clk
0:01:36]} Kb4 {[%clk 0:14:01]} 64. Qf3 {[%clk 0:01:54]} Qd2+ {[%clk 0:13:47]} 65.
Kg3 {[%clk 0:02:23]} Kc5 {[%clk 0:13:17]} 66. Qe4 {[%clk 0:01:53]} Qc3+ {[%clk
0:13:13]} 67. Kg4 {[%clk 0:01:38]} Qg7+ {[%clk 0:13:31]} 68. Kh5 {[%clk 0:01:13]}
Qf7+ {[%clk 0:10:28]} 69. Kh6 {[%clk 0:01:35]} Qf6+ {[%clk 0:06:14]} 70. Kxh7
{[%clk 0:01:59]} Qh4+ {[%clk 0:06:36]} 71. Kg6 {[%clk 0:02:23]} Qg3+ {[%clk
0:05:35]} 72. Kf6 {[%clk 0:02:29]} Qh4+ {[%clk 0:05:52]} 73. Ke6 {[%clk 0:02:07]}
Qh6+ {[%clk 0:06:00]} 74. Kd7 {[%clk 0:02:00]} Qxh3+ {[%clk 0:05:18]} 75. f5
{[%clk 0:02:24]} Qh6 {[%clk 0:03:44]} 76. Qe5+ {[%clk 0:02:22]} 1-0

[Event "European Women's Championship"]
[Site "Vysoke Tatry"]
[Date "2018.04.13"]
[Round "6"]
[White "Mrvova, Alena"]
[Black "Brunello, Marina"]
[Result "1-0"]
[Board "42"]
[WhiteElo "2179"]
[WhiteTitle "WIM"]
[WhiteCountry "SVK"]
[WhiteFideId "14902036"]
[WhiteEloChange "14"]
[BlackElo "2307"]
[BlackTitle "FM"]
[BlackCountry "ITA"]
[BlackFideId "822590"]
[BlackEloChange "-14"]

1. e4 {[%clk 1:30:49]} c5 {[%clk 1:30:52]} 2. g3 {[%clk 1:30:57]} d6 {[%clk
1:26:18]} 3. Bg2 {[%clk 1:30:16]} Nc6 {[%clk 1:24:10]} 4. d3 {[%clk 1:29:38]} g6
{[%clk 1:23:31]} 5. f4 {[%clk 1:29:08]} Bg7 {[%clk 1:22:46]} 6. c3 {[%clk
1:28:50]} e5 {[%clk 1:18:43]} 7. Nf3 {[%clk 1:26:54]} Be6 {[%clk 1:12:27]} 8. Na3
{[%clk 1:24:21]} h5 {[%clk 1:10:10]} 9. Ng5 {[%clk 1:20:53]} Bg4 {[%clk 1:02:09]}
10. Qb3 {[%clk 1:14:49]} Qd7 {[%clk 1:01:29]} 11. f5 {[%clk 1:07:36]} Nd8 {[%clk
0:45:53]} 12. h3 {[%clk 1:05:03]} f6 {[%clk 0:46:11]} 13. hxg4 {[%clk 1:02:31]}
fxg5 {[%clk 0:46:36]} 14. gxh5 {[%clk 1:01:49]} gxh5 {[%clk 0:41:59]} 15. Bxg5
{[%clk 1:01:55]} Nf7 {[%clk 0:41:11]} 16. Bh4 {[%clk 0:58:52]} Bf6 {[%clk
0:39:22]} 17. Nb5 {[%clk 0:57:26]} Bxh4 {[%clk 0:33:51]} 18. Rxh4 {[%clk
0:56:41]} Nf6 {[%clk 0:33:55]} 19. Qe6+ {[%clk 0:56:58]} 1-0